Famous Pairs Close-Up Quiz Stats

 Plays Quiz Updated Apr 16, 2019

Score 0/20 Timer 04:00
3 Plays Today
% Correct
Bacon and Eggs
99.4%
Milk and Cookies
97.8%
Peanut Butter and Jelly
93.3%
Batman and Robin
92.9%
Coffee and Doughnut
92.4%
Cat and Mouse
92.3%
Rum and Coke
92%
Wine and Cheese
91.3%
Nuts and Bolts
90.3%
Fish and Chips
87.6%
% Correct
Salt and Pepper
86.9%
Bread and Butter
84.2%
Suit and Tie
83.5%
Lock and Key
83.1%
Fox and Hound
81.8%
Sonny and Cher
74.2%
Hammer and Nail
65.8%
Donny and Marie
60.9%
Laurel and Hardy
55.2%
Abbott and Costello
45%

You're not logged in!

Compare scores with friends on all Sporcle quizzes.
OR
Log In

Sporcle TV

Today on Sporcle TV


Watch our educational content, quiz creation guides, and fun videos on Sporcle TV.

Show Comments

Extras

Top Quizzes Today


Score Distribution

Your Account Isn't Verified!

In order to create a playlist on Sporcle, you need to verify the email address you used during registration. Go to your Sporcle Settings to finish the process.

Report this User

Report this user for behavior that violates our Community Guidelines.

Details: